00424nam a22001337a 4500003000500000038001800005082000800023100001800031245008500049264003500134650003000169700003400199856005700233NUST aNusrat Nadeem a200 aNisar, Wardah aCryptanalysis of Ultra-lightweight RFID Authentication Protocol/cWardah Nisar,  aIslamabad:bSEECS NUST.c2025. aMS- Information Security  aSupervisor: Dr. Madiha Khalid uhttp://10.250.8.41:8080/xmlui/handle/123456789/55766